Diálogo intercultural y filosofía /
Se hace referencia a que estamos en un cambio de época. Se rememora la construcción de los Estados Nacionales y la Independencia de Costa Rica posibilitada por la idelogía de la Ilustración de la que Braulio Carrillo fue el principal exponente. Se plantea que como resultado de la globalización y del...
Bewaard in:
| Hoofdauteur: | |
|---|---|
| Formaat: | Texto |
| Onderwerpen: | |
| Tags: |
Voeg label toe
Geen labels, Wees de eerste die dit record labelt!
|
MARC
| LEADER | 00000 a a2200000 04500 | ||
|---|---|---|---|
| 001 | 11832 | ||
| 003 | |||
| 040 | |||
| 100 | |a Mora Rodríguez, Arnoldo | ||
| 245 | |a Diálogo intercultural y filosofía / |c Arnoldo Mora Rodríguez | ||
| 520 | |a Se hace referencia a que estamos en un cambio de época. Se rememora la construcción de los Estados Nacionales y la Independencia de Costa Rica posibilitada por la idelogía de la Ilustración de la que Braulio Carrillo fue el principal exponente. Se plantea que como resultado de la globalización y del debilitamiento de los Estados Nación, actualmente la identidad nacional se ha debilitado en comparación con nociones de identidad cultural, étnica, etc. Esto ha determinado guerras e ideologías como el fascismo. El autor sugiere la necesidad de reforzar los Estados pero basados en la considerar a la diversidad patrimonio de la nación y la humanidad | ||
| 650 | |a MODERNIDAD | ||
| 650 | |a GLOBALIZACION | ||
| 650 | |a ESTADO NACION | ||
| 650 | |a MEDIOS DE COMUNICACION | ||
| 650 | |a IDENTIDAD NACIONAL | ||
| 650 | |a IDENTIDAD CULTURAL | ||
| 650 | |a ETNICIDAD | ||
| 773 | |g número 122; páginas 15-18 | ||
| 999 | |c 26980 |d 26980 | ||
